[Event "Barranquilla op"]
[Site "Barranquilla"]
[Date "2025.02.26"]
[Round "5"]
[White "Leyva Rodriguez, Issac Gabriel"]
[Black "Ruge Perez, Daniel Felipe"]
[Result "0-1"]
[WhiteElo "1590"]
[BlackElo "1615"]
[PlyCount "46"]
[EventDate "2025.02.24"]
[EventType "swiss"]
[EventRounds "8"]
[EventCountry "COL"]
[SourceTitle "CB10_2025"]
[SourceDate "2025.03.05"]
[SourceVersion "1"]
[SourceVersionDate "2025.03.05"]
[SourceQuality "1"]

1. e4 c5 2. Nf3 g6 3. c3 d5 4. exd5 Qxd5 5. d4 cxd4 6. Qxd4 Qxd4 7. Nxd4 a6 8. g3 e5 9. Nf3 Nc6 10. Be3 Be6 11. Nbd2 f6 12. Bb6 Nge7 13. Ne4 Nd5 14. Bc5 0-0-0 15. Bxf8 Rhxf8 16. 0-0-0 Bg4 17. Be2 h6 18. h3 Be6 19. Nc5 Bf7 20. g4 Nf4 21. Bf1 Rxd1+ 22. Kxd1 Rd8+ 23. Kc2 Bd5 0-1